Feeding and greening the world : the role of international agriculture research

This book provides a dispassionate analysis of the state of these problems in the world. Avoiding hyperbole and without minimising the dangers, it explains why the future should be faced with confidence. Progress in managing the world’s natural resources in ways that are sustainable - environmentall...

全面介绍

Đã lưu trong:
书目详细资料
主要作者: Tribe, D. E.
格式: 图书
语言:Undetermined
出版: Wallingford, UK Cab international 1994
主题:
标签: 添加标签
没有标签, 成为第一个标记此记录!
Thư viện lưu trữ: Trung tâm Học liệu Trường Đại học Cần Thơ
LEADER 01562nam a2200229Ia 4500
001 CTU_122918
008 210402s9999 xx 000 0 und d
020 |c 55.00 
082 |a 571.2 
082 |b T822 
100 |a Tribe, D. E. 
245 0 |a Feeding and greening the world : 
245 4 |b the role of international agriculture research 
245 0 |c Derek E. Tribe 
260 |a Wallingford, UK 
260 |b Cab international 
260 |c 1994 
520 |a This book provides a dispassionate analysis of the state of these problems in the world. Avoiding hyperbole and without minimising the dangers, it explains why the future should be faced with confidence. Progress in managing the world’s natural resources in ways that are sustainable - environmentally, economically, socially and nutritionally - is too slow because knowledge is too limited. The increased knowledge that is urgently needed can only come from the global network of agricultural research. Yet governments in both the North and South are starving research of the resources that it must have. Unless present policies are changed, the international research network - mankind’s lifeline to the future - will be rendered ineffective. The author argues his case in a jargon-free way that will appeal to a wide range of readers concerned with the future of humankind 
650 |a Food supply,Agriculture,Environmental protection 
650 |x Research,International cooperation,Research 
904 |i Hiếu, H.Mai 
980 |a Trung tâm Học liệu Trường Đại học Cần Thơ